LEADER 01151nam a2200289 a 4500 001 000000130598 003 CaOOAMICUS 005 20121002133902.0 008 121002s2007 it u000 u ita r 020 $a978-88-348-7714-2 040 $aPUL$bita 082 04$a341.2 100 1 $aZanghì, Claudio.$0(OLS)http://pul/name/23917 245 10$aDiritto delle organizzazioni internazionali /$cClaudio Zanghì. 250 $a2. ed. 260 $aTorino :$bGiappichelli,$cİ2007. 300 $aXXIII, 398 p. ;$c23 cm 504 $aBibliografia p. [XI]-XXIII. 650 4$aOrganizzazioni internazionali$xLegislazione.$0(OLS)http://pul/subject/39022 850 $aPUL 852 $aPUL$W1$xSL Diritto e Scienze Sociali 3$y79$m341. 2 ZANCL 1$j151035$qDDC 21$B149727$CPULBib$Z2$F149727 $H120835 $82 941 1 $a9 996 $6020$a978-88-348-7714-2$9(OLS)http://pul/number/150665 996 $6082$a341.2$9(OLS)http://pul/classification/1860 996 $6245$aDiritto delle organizzazioni internazionali$9(OLS)http://pul/title/165054 996 $6260$aTorino :$bGiappichelli$9(OLS)http://pul/publisher/48244 LEADER 01038nam a2200253 a 4500 001 000000171638 003 CaOOAMICUS 005 20190320153607.0 008 190320s2019 it u000 u ita r 032 $aLibriCat 040 $aPUL$bita 100 1 $aMiquel, Pierre,$cO.S.B,$d1920-2003.$0(OLS)http://pul/name/11410 245 13$aLe guerre di religione /$cPierre Miquel. 260 $aMilano :$bRes Gestae,$cİ2019. 300 $a636 p. ;$c19 cm 610 24$aChiesa cattolica$xStoria$ySec. XVI-XVII.$0(OLS)http://pul/subject/26549 610 24$aChiesa cattolica$xRiforma.$0(OLS)http://pul/subject/36970 650 4$aGuerra e religione cristiana.$0(OLS)http://pul/subject/18866 850 $aPUL 852 $aPUL$W1$xSL Cons. Gen., Altre Classi 3$y75$m940. 23 MIQPI 1$j195433$qDDC 21$B200294$CPULBib$Z2$F200294 $H132466 $82 941 1 $a9 996 $6245$aLe guerre di religione$9(OLS)http://pul/title/212447 996 $6260$aMilano :$bRes Gestae$9(OLS)http://pul/publisher/87162